| 000 | 00000nam 2200000za 4500 |
| 001 | 9.844123 |
| 003 | CaOODSP |
| 005 | 20221107152656 |
| 007 | cr ||||||||||| |
| 008 | 171106s1993 onc |obc f000 0 eng d |
| 040 | |aCaOODSP|beng |
| 043 | |an-cn--- |
| 086 | 1 |aNH15-692/1993E-PDF |
| 110 | 1 |aCanada.|bCanada Mortgage and Housing Corporation.|bPublic Affairs Centre. |
| 245 | 10|aCMHC list of priced publications and videos |h[electronic resource]. |
| 260 | |a[Ottawa] : |bCanada Mortgage and Housing Corporation, |cc1993. |
| 300 | |a14 p. |
| 500 | |aDigitized edition from print produced 2015 [for Canada Mortgage and Housing Corporation]. |
| 504 | |aIncludes bibliographic references. |
| 692 | 07|2gccst|aCatalogues |
| 856 | 40|qPDF|s445 KB|uhttps://publications.gc.ca/collections/collection_2017/schl-cmhc/nh15/NH15-692-1993-eng.pdf |